Logo BPK

Biblioteka

Politechniki Koszalińskiej

Life lines : (Rekord nr 40358)

Szczegóły MARC
000 -ETYKIETA REKORDU
podpole kontrolne o stałej długości 00577nam a2200205 i 4500
001 - NUMER KONTROLNY REKORDU
pole kontrolne bg
020 ## - MIĘDZYNARODOWY ZNORMALIZOWANY NUMER KSIĄŻKI - ISBN
ISBN 0194338088
020 ## - MIĘDZYNARODOWY ZNORMALIZOWANY NUMER KSIĄŻKI - ISBN
ISBN 019433810X (Workbook)
040 ## - ŹRÓDŁO KATALOGOWANIA
Instytucja, która utworzyła rekord BPK
041 0# - KOD JĘZYKA
Kod języka tekstu en
920 ## - Międzynarodowy znormalizowany numer książki – ISBN
ISBN 0-19-433808-8
920 ## - Międzynarodowy znormalizowany numer książki – ISBN
ISBN 0-19-433810-X (Workbook)
008 - POLE O STAŁEJ DŁUGOŚCI - DANE KONTROLNE
podpole kontrolne o stałej długości s pl f |000 0 pol
100 1# - NAZWA OSOBOWA
Nazwa osobowa HUTCHINSON, Tom
245 #0 - TYTUŁ/ODPOWIEDZIALNOŚĆ
Tytuł Life lines :
Ciąg dalszy tytułu intermediate : student's book /
Pozostałe elementy strefy tytułu i oznaczenia odpowiedzialności Tom Hutchinson.
250 ## - STREFA WYDANIA
Oznaczenie wydania 7th impr.
260 ## - STREFA ADRESU WYDAWNICZEGO
Miejsce wydania Oxford :
Nazwa wydawcy/dystrybutora Oxford University Press,
Data publikacji, dystrybucji/powstania dokumentu 2000.
300 ## - STREFA OPISU FIZYCZNEGO
Objętość 144 s. :
Inne cechy fizyczne il. ;
Rozmiary 30 cm +
Dokument towarzyszący Workbook : 96 s. ; il.
942 ## - DODATKOWE ELEMENTY (KOHA)
Typ dokumentu Książka
Egzemplarze
Wycofany Status egzemplarza Uszkodzony Dostępność Lokalizacja stała Lokalizacja bieżąca Miejsce przechowywania Sygnatura Kod kreskowy Typ dokumentu
      Dostępny Biblioteka Politechniki Koszalińskiej Biblioteka Politechniki Koszalińskiej Wypożyczalnia BG 60998 01637649 Książka
      Dostępny Biblioteka Politechniki Koszalińskiej Biblioteka Politechniki Koszalińskiej Wypożyczalnia BG 60999 01637632 Książka
© 2023 Biblioteka Politechniki Koszalińskiej :: KOHA